| 000 | 00384nam a22001577a 4500 | ||
|---|---|---|---|
| 005 | 20250320161025.0 | ||
| 008 | 250320b |||||||| |||| 00| 0 eng d | ||
| 020 | _a8187125551 | ||
| 050 |
_aHB 135 AGA _b1 |
||
| 100 | _aAGARWAL, D.R | ||
| 245 | _aMathematics for economics | ||
| 260 |
_aDelhi _bVrinda Publications _c2001 |
||
| 300 | _a651p | ||
| 500 | _aTables, | ||
| 942 |
_2lcc _cBK _n0 |
||
| 999 |
_c5017 _d5017 |
||